000 00645cab a2200217 4500
001 WB2337-15
008 090401t1987 xxu||||| |||| 00| 0 eng d
035 _a(Sirsi) u561
041 _aeng
245 _aLaw of trespass
260 _c1987
350 _a0
490 _aBuilding
_vvol 252 no 7514, 18/9/87 p30
520 _aCalls for reform of the law relating to trespass . Pays particular attention to trespass by tower cranes over-sailing adjoining sites.
650 _aAIR SPACE
650 _aNEIGHBOURING PROPERTY
650 _aWOLLERTON AND WILSON LTD V RICHARD COSTAIN LTD
690 _aLAND
942 _n0
948 _c04/03/1997
999 _c265
_d265